000 00554nam a2200217Ia 4500
003 GCL
008 140319s9999 xx 000 0 eng d
020 _a9810063229
040 _aGCL /
_cGCL
082 0 4 _a741.6
_bP I
245 1 0 _aILLUSTRATION
260 _aسنجافوره :
_bPAGE ONE PUBLISHING Pte Ltd
300 _a32 CM ؛
_cMULTI
650 0 4 _aARCHITECTURE
650 0 4 _aILLUSTRATIONS
650 0 4 _aEXHIBITION
650 0 4 _aSPORTS - ILLUSTRATION
650 0 4 _aANIMALS - ILLUSTRATION
650 0 4 _aFOOD - ILLUSTRATION
942 _2ddc
_cBK
999 _c6625
_d6625